[Event "Madrid Oliver Gonzalez Memorial 1st"]
[Site "Madrid"]
[Date "2010.10.10"]
[Round "2"]
[White "Calderon Rojo, Daniel"]
[Black "Strikovic, Aleksa"]
[Result "0-1"]
[WhiteElo "1743"]
[BlackElo "2560"]
[PlyCount "46"]
[EventDate "2010.10.09"]
[EventType "swiss"]
[EventRounds "9"]
[EventCountry "ESP"]
[SourceTitle "CBM 138 Extra"]
[Source "ChessBase"]
[SourceDate "2010.10.29"]
[SourceVersion "1"]
[SourceVersionDate "2010.10.29"]
[SourceQuality "1"]

1. c4 e5 2. d3 Nf6 3. Nc3 Bb4 4. Bd2 Nc6 5. Nf3 d5 6. cxd5 Nxd5 7. g3 f5 8. Qc2 Nd4 9. Nxd4 exd4 10. Nb5 Bxd2+ 11. Qxd2 c5 12. Rc1 b6 13. Bg2 0-0 14. 0-0 Be6 15. e3 Qd7 16. Na3 dxe3 17. fxe3 Rad8 18. Rfd1 Nb4 19. b3 Qxd3 20. Qf2 Qxd1+ 21. Rxd1 Rxd1+ 22. Bf1 f4 23. exf4 Bh3 0-1